Statistiken für Größte Gemeinden Österreichs mit "B"

Klicken Sie hier um das Quiz zu spielen!

Allgemein

  • Dieses Quiz wurde 60 mal gespielt
  • Das Durchschnittsergebnis liegt bei 7 aus 10

Antwortstatistiken

EinwohnerBezirkGemeinde% Korrekt
29.762Bregenz, VOBregenz
98%
14.645Bludenz, VOBludenz
95%
25.906Baden, NÖBaden
90%
17.228Braunau am Inn, OÖBraunau am Inn
83%
15.837Bruck-Mürzzuschlag, STBruck an der Mur
80%
10.574St. Johann im Pongau, SBBischofshofen
70%
14.126Gmunden, OÖBad Ischl
63%
12.062Baden, NÖBad Vöslau
58%
11.924Mödling, NÖBrunn am Gebirge
50%
9.063Baden, NÖBerndorf
35%

Verteilung der Resultate

Perzentil nach korrekt beantworteten Fragen

Anzahl Personen mit jedem Resultat

Ihre Resultats-Entwicklung

Sie haben dieses Quiz noch nicht gespielt